The life of John Churchill Duke of Marlborough to the accession of Queen Anne (Record no. 553214)

000 -LEADER
fixed length control field 00518cam a2200157Ka 4500
082 04 - DEWEY DECIMAL CLASSIFICATION NUMBER
Classification number 923.193152
Author Mark WOL
100 1# - MAIN ENTRY--PERSONAL NAME
Personal name Wolseley, Garnet Wolseley,
9 (RLIN) 49250
245 14 - TITLE STATEMENT
Title The life of John Churchill Duke of Marlborough to the accession of Queen Anne
250 ## - EDITION STATEMENT
Edition statement 3rd ed.
260 ## - PUBLICATION, DISTRIBUTION, ETC.
Place of publication, distribution, etc. London :
Name of publisher, distributor, etc. R. Bentley & Son,
Date of publication, distribution, etc. 1894-
300 ## - PHYSICAL DESCRIPTION
Extent 1 online resource.
526 ## - STUDY PROGRAM INFORMATION NOTE
Program name 0
Interest level 0
Reading level 0
Title point value 923_193152000000000_WOL
650 ## - SUBJECT ADDED ENTRY--TOPICAL TERM
Topical term or geographic name entry element MCE
9 (RLIN) 379
856 40 - ELECTRONIC LOCATION AND ACCESS
Uniform Resource Identifier <a href="http://catalog.hathitrust.org/api/volumes/oclc/34693781.html">http://catalog.hathitrust.org/api/volumes/oclc/34693781.html</a>
942 ## - ADDED ENTRY ELEMENTS (KOHA)
Source of classification or shelving scheme
Koha item type Book
Holdings
Withdrawn status Lost status Source of classification or shelving scheme Damaged status Not for loan Permanent Location Current Location Shelving location Date acquired Total Checkouts Full call number Barcode Date last seen Price effective from Koha item type
          Military College of Engineering (MCE) Military College of Engineering (MCE)   02/02/2015   923.193152 WOL MCE-ECL /54 02/02/2015 02/02/2015 Book
© 2023 Central Library, National University of Sciences and Technology. All Rights Reserved.